Statistics for Pixar Movies

Click here to take the quiz!

General Stats

  • This quiz has been taken 100 times
  • The average score is 19 of 27

Answer Stats

HintAnswer% Correct
1995Toy Story
97%
1999Toy Story 2
95%
2010Toy story 3
92%
2019Toy story 4
86%
2006Cars
81%
2003Finding Nemo
78%
2011Cars 2
77%
2017Cars 3
77%
2001Monsters Inc
75%
2016Finding Dory
71%
2009Up
71%
2004Incredibles
69%
2015Inside Out
69%
2013Monsters University
69%
2008Wall-E
69%
2021Luca
66%
1998A Bug's life
65%
2023Elemental
65%
2020Soul
65%
2022Lightyear
62%
2022Turning Red
62%
2017Coco
61%
2018Incredibles 2
60%
2012Brave
58%
2007Ratatouille
58%
2020Onward
52%
2015The Good Dinosaur
51%

Score Distribution

Percentile by Number Answered

Percent of People with Each Score

Your Score History

You have not taken this quiz